书目信息 |
| 题名: |
人体的防御
|
|
| 作者: | 奈特 , Knight 著 ;阮芳赋 , 罗自梅 译 | |
| 分册: | ||
| 出版信息: | 北京 科学出版社 1982 |
|
| 页数: | 58页 | |
| 开本: | 19cm | |
| 丛书名: | ||
| 单 册: | ||
| 中图分类: | R392 | |
| 科图分类: | ||
| 主题词: | 免疫学 | |
| 电子资源: | ||
| ISBN: | ||
| 000 | 00807nam0 2200289 45 | |
| 001 | 0182010121 | |
| 005 | 20060815084618.31 | |
| 010 | @dCNY0.24 | |
| 091 | @a13031.1928 | |
| 100 | @a19950627d1982 em y0chiy0121 ea | |
| 101 | 1 | @achi@ceng |
| 102 | @aCN@b110000 | |
| 105 | @ay z 000yy | |
| 200 | 10 | @a人体的防御@Aren ti de fang yu@f(美)奈特(D.C. Knight)著@g阮芳赋,罗自梅译 |
| 210 | @a北京@c科学出版社@d1982 | |
| 215 | @a58页@d19cm | |
| 300 | @a书名原文:Your Body's Defense | |
| 510 | 1 | @aYour Body's Defense@zeng |
| 606 | @a免疫学 | |
| 690 | @aR392@v3 | |
| 701 | 1 | @a奈特@Anai te@bD.C.@4著 |
| 701 | A1 | @aKnight@bD.C.@4著 |
| 702 | 0 | @a阮芳赋@Aruan fang fu@4译 |
| 702 | 0 | @a罗自梅@Aluo zi mei@4译 |
| 801 | 0 | @aCN@bTSSF@c20060815 |
| 801 | 2 | @aCN@bNLC@c20060810 |
| 905 | @a10447@dR392@e103 | |
| 人体的防御/(美)奈特(D.C. Knight)著/阮芳赋,罗自梅译.-北京:科学出版社,1982 |
| 58页;19cm |
| 书名原文:Your Body's Defense |
| ISBN :CNY0.24 |
| ● |
| 相关链接 |
|
|
|
|
正题名:人体的防御
索取号:R392/103
 
预约/预借
| 序号 | 登录号 | 条形码 | 馆藏地/架位号 | 状态 | 备注 |
| 1 | 0452188 | 204521883 | 密集书库/ [索取号:R392/103] | 在馆 | |
| 2 | 0458354 | 204583548 | 密集书库/ [索取号:R392/103] | 在馆 |